On This Day: September 16th Quiz Stats

 Plays Quiz Updated Sep 16, 2017

Challenge
Share
Tweet
Embed
Score 0/7 Timer 03:00
0 Plays Today
Question Answer Wrong Answers
An international treaty known as the Montreal Protocol is signed to protect the ______ layer from depletion.
1987
Ozone
93.8%
Exosphere
1%
Ionosphere
1.3%
Boundary
0.8%
This multinational corporation headquartered in Detroit, Michigan, is founded.
1908
General Motors Company
93.4%
Fiat Chrysler Automobiles
2.8%
Tesla, Inc.
1.5%
Toyota Motor Corporation
1.3%
The military coup to unseat this president of Argentina is launched.
1955
Juan Perón
89.6%
Néstor Kirchner
1.8%
Carlos Menem
1.9%
Héctor José Cámpora
4.8%
The trial of this deposed Panamanian dictator for drug trafficking and money laundering begins in the United States.
1991
Manuel Noriega
86.2%
Omar Torrijos
2.8%
Guillermo Endara
4.9%
Carlos Lehder
2.9%
The first successful ______, the Xerox 914, is introduced in a demonstration on live television from New York City.
1959
Photocopier
85.9%
Personal Computer
7.9%
Handheld Calculator
2.1%
Microwave Oven
1.8%
Settlers make a land run in the Cherokee Strip in ______.
1893
Oklahoma
68.6%
Idaho
4.9%
Iowa
3.5%
South Dakota
22.9%
This American singer-songwriter, a five-time Latin Grammy Award winner best known for his salsa numbers and ballads, is born.
1968
Marc Anthony
27.8%
Ricky Martin
35.9%
Enrique Iglesias
31.7%
Pitbull
1.9%

You're not logged in!

Compare scores with friends on all Sporcle quizzes.
OR
Log In

You Might Also Like...

Show Comments

Extras

Top Quizzes Today


Score Distribution

Your Account Isn't Verified!

In order to create a playlist on Sporcle, you need to verify the email address you used during registration. Go to your Sporcle Settings to finish the process.

Report this User

Report this user for behavior that violates our Community Guidelines.

Details: